| 000 | 003560000a22000970004500 | ||
|---|---|---|---|
| 100 | 1 | _aCaballero, Antonio (1945- ) | |
| 245 | 1 | 0 | _aLa guerra en paz : No, que no venganobservadores internacionales a observar nuestra guerra... Que nos dejen hacer la guerra en paz |
| 300 | _aVol. 46, Num. 46 (Abril-Mayo, 1994), Página 82 | ||
| 773 | 0 | _tCambio 16 | |
| 942 | _cANA | ||
| 999 |
_c58431 _d58431 |
||